000 01004cam a2200241 4500
001 WB3743-24
008 011114n2001 000 0 eng u
035 _a(Sirsi) u115599
245 _aConcept house development
260 _c2001
490 _aArchitects' Journal
_v214(17) 8 November 2001, 11(1)
520 _aThe European Commission is promoting the development of 'smart' houses which are specially designed for elderly and disabled use. The houses are adapted with electronic devices to be 'friendlier' to the elderly and disabled. Finances are provided by the EU Information Society Technologies (IST) programme of £2.2bn.
590 _aWB
650 _aEUROPEAN UNION
650 _aHOUSING
650 _aDISABLED-FRIENDLY BUILDINGS
650 _aELDERLY PEOPLE
650 _aELECTRONIC ACCESS
650 _aMANAGEMENT-BUSINESS MANAGEMENT-DISCRIMINATION-DISABILITY DISCRIMINATION-ACCESSIBILITY
650 _aHOUSING DEVELOPMENT
690 _aHOUSING-DEVELOPMENT
942 _n0
999 _c68850
_d68850